История на Балканските народи (1945 - 1990) (Запис номер 109697)
[ съкратено ]
| 000 -Лидер | |
|---|---|
| Контролно поле с фиксирана дължина | 01388nam a2200361 c 4500 |
| 003 - Код на организацията, давaща контролен номер | |
| Контролно поле | BLK |
| 005 - Дата и час на последна редакция | |
| Контролно поле | 20241129103857.0 |
| 008 - Елементи от данни с фиксирана дължина | |
| fixed length control field | 180409b bul|||||r ||||||| ||bul|| |
| 010 ## - Наследен системен номер | |
| LC control number | KNG00115016000 |
| 020 ## - Международен стандартен номер на книга ISBN | |
| Международен стандартен номер на книга ISBN | 954-9536-83-1 |
| -- | издат.: Парадигма |
| 040 ## - Източник на каталожния запис | |
| Идентификатор на билиотеката - собственик на записа | BLK |
| 041 ## - Код за език | |
| Код за езика на текст/звукозапис или на отделно заглавие | Български |
| Код за езика КДБФ | Български |
| 080 ## - УДК | |
| Текстов определител УДК | История на балканските държави |
| УДК код - определител по УДК | 94(497) |
| УДК определител | |
| УДК - код + определител | 94(497) |
| 100 1# - Редна дума - Автор | |
| Автор | Манчев, Кръстьо Геров |
| Авторска отговорност | първи автор |
| R(LIN) | 372348 |
| 139 ## - Редно поле | |
| Редна дума | Манчев, Кръстьо Геров |
| Авторски знак | Мант - М 28 |
| 245 10 - Сведения за заглавието | |
| Заглавие | История на Балканските народи (1945 - 1990) |
| Редно поле (дума) | Кръстьо Геров Манчев. |
| 257 ## - Страна на издаване | |
| Страна на създаване/издаване | България |
| 260 ## - Област на издателските данни | |
| -- | София |
| Име на издателя, разпространителя и проч. | Парадигма |
| Година на издаване | 2003 |
| 300 ## - Физическа характеристика | |
| Страници | 438 с. |
| Размери/Мащаб | 24 см |
| 380 ## - Жанр | |
| Жанр | История |
| 500 ## - Общи забележки | |
| Забележка | Офс. изд. - Съдържа и Хронологична таблица, Именен показалец. - Библиогр. с. 407-410. |
| 504 ## - Забележка за наличие на библиография и др | |
| Забележка за наличие на библиография и под. | 407-410 |
| 650 #4 - Допълнително описание по предмет – тема | |
| Основно описание – тема или топоним | Балкански държави - история |
| 9 (RLIN) | 250143 |
| 653 ## - Ключова дума – ненормативна | |
| Ключова дума | балкански държави |
| 653 ## - Ключова дума – ненормативна | |
| Ключова дума | история |
| 653 ## - Ключова дума – ненормативна | |
| Ключова дума | най-нова история |
| 852 ## - Местоположение | |
| Форматна сигнатура | Цб 220876 |
| 856 4# - Електронен адрес и достъп | |
| Електронен формат | pdf - файл |
| Път до файла /url/ | |
| 856 4# - Електронен адрес и достъп | |
| Електронен формат | pdf - файл |
| Път до файла /url/ | |
| 942 ## - АРТИКУЛИ | |
| Вид на библиотечния материал | Книги |
| Скрит в OPAC | Не |
| Koha issues (borrowed), all copies | 10 |
| 944 ## - СЪЗДАВАНЕ И РЕДАКЦИЯ на ЗАПИСА | |
| Създаване/Редакция | Създаване |
| Дата на регистрацията/редакция | 16.09.2004 |
| Служител, извършил регистрацията/редакцията | 30546 |
| Статус, дата на статуса | Ренета Константинова |
| 944 ## - СЪЗДАВАНЕ И РЕДАКЦИЯ на ЗАПИСА | |
| Създаване/Редакция | Редакция |
| Дата на регистрацията/редакция | 12.10.2007 |
| Служител, извършил регистрацията/редакцията | |
| 999 ## - СИСТЕМНИ КОНТРОЛНИ НОМЕРА | |
| Koha biblionumber | 109697 |
| Koha biblioitemnumber | 109697 |
| Код за отписване | Код за изгубен артикул | Източник на класификационната схема | Код за повреда | Коз за рестрикции | Код за отдаване | Артикулен № | Име на библиотеката - собственик | Име на библиотеката, в която се намира в момента | Статус (Текущо местоположение) | Дата на вписване в системата | Местоположение - отдел | Цена в лева | Инвентарен номер | Систематично азбучна сигнатура | Баркод | Номер на екземпляра | Цена в евро | Служебна бележка | Служебен тип на артикула |
|---|---|---|---|---|---|---|---|---|---|---|---|---|---|---|---|---|---|---|---|
| Не е изгубен | Universal Decimal Classification | Не е повреден | без рестрикции | заемане за дома | 176723 | Регионална библиотека "Любен Каравелов" Русе | Регионална библиотека "Любен Каравелов" Русе | Заемна - подръчен фонд | 2004-09-16 | Заемна - подръчен фонд | 15.00 | 120000688506 | 94(497)/М 28 | 120000688506 | 1 | 7.67 | Дост: Pk Вид: Ф N: 8885 Дата: 07.09.2004 Дата инв: 07.02.2018 Бележки инв: П2018 | Книги | |
| Изтеглен | Не е изгубен | Universal Decimal Classification | Не е повреден | без рестрикции | заемане за дома | 176724 | Регионална библиотека "Любен Каравелов" Русе | Регионална библиотека "Любен Каравелов" Русе | Заемна - подръчен фонд | 2004-09-16 | Заемна - подръчен фонд | 15.00 | 120000688507 | 94(497)/М 28 | 120000688507 | 2 | 7.67 | Дост: Pk Вид: Ф N: 8885 Дата: 07.09.2004 | Книги |
| Не е изгубен | Не е повреден | без рестрикции | ползва се в читалня | 176725 | Регионална библиотека "Любен Каравелов" Русе | Регионална библиотека "Любен Каравелов" Русе | Читалня | 2004-09-16 | Читалня | 15.00 | 120000688508 | Ч 93/99/М 28 | 120000688508 | 3 | 7.67 | Дост: Pk Вид: Ф N: 8885 Дата: 07.09.2004 Дата инв: 28.03.2017 Бележки инв: Ч2017 | Книги | ||
| Не е изгубен | Universal Decimal Classification | Не е повреден | без рестрикции | заемане за дома | 176726 | Регионална библиотека "Любен Каравелов" Русе | Регионална библиотека "Любен Каравелов" Русе | Заемна - подръчен фонд | 2007-10-11 | Заемна - подръчен фонд | 15.00 | 120000718013 | 94(497)/М 28 | 120000718013 | 4 | 7.67 | Дост: Pk Вид: Ф N: 9218 Дата: 01.10.2007 Дата инв: 07.02.2018 Бележки инв: П2018 | Книги |